000 00727cab a2200241 4500
001 WB2811-59
008 090401t1992 xxu||||| |||| 00| 0 eng d
035 _a(Sirsi) u55899
041 _aeng
245 _aInheritance tax reform
260 _c1992
350 _a0
490 _aIndependent
_v11 March 1992, 3
490 _aDaily Telegraph
_v11 March 1992, 13(1)
520 _aUnincorporated businesses, owner-occupied farms and farm tenancies will have 100% tax relief on their assets to facilitate the handing down of family businesses.
650 _aBUDGET 1992
650 _aINHERITANCE TAX
650 _aSMALL BUSINESSES
650 _aTAX RELIEF
690 _aTAXATION
942 _n0
948 _c04/03/1997
999 _c34161
_d34161